[Event "2BLS 1718 FB Mörlenbach-Birkenau - TSV"]
[Site "?"]
[Date "2018.02.04"]
[Round "8.8"]
[White "Schaefer, Michael"]
[Black "Kuebler, Marcus"]
[Result "1-0"]
[WhiteElo "2157"]
[BlackElo "1988"]
[PlyCount "173"]
[EventDate "2018.??.??"]

1. d4 d6 2. e4 g6 3. Nc3 Bg7 4. Nf3 a6 5. a4 Nf6 6. Be2 O-O 7. O-O Nc6 8. h3 e5
9. dxe5 dxe5 10. Be3 h6 11. Qc1 Kh7 12. Bc5 Re8 13. Rd1 Bd7 14. Bc4 Bf8 15. Be3
Qe7 16. Nh2 Nb4 17. Nd5 Nbxd5 18. exd5 a5 19. Be2 Ne4 20. Rd3 f5 21. f3 Nd6 22.
c4 b6 23. c5 bxc5 24. Bxc5 Qf7 25. b4 axb4 26. Bxb4 Rxa4 27. Rxa4 Bxa4 28. Rc3
Re7 29. Bc4 Bg7 30. Ba2 Be8 31. Ba5 Nb5 32. Rc2 Qf6 33. Kh1 Qa6 34. Bb4 Rd7 35.
Bc4 Qb6 36. Ra2 Nd6 37. Rb2 Qd4 38. Bf1 Qxd5 39. Rd2 Qe6 40. Rc2 Qb3 41. Rb2
Qd5 42. Rd2 Qb7 43. Ba5 Bf7 44. Be2 Re7 45. Nf1 e4 46. Rc2 Ne8 47. fxe4 fxe4
48. Ne3 h5 49. Qa3 Rd7 50. Bc3 Bxc3 51. Qxc3 Qb6 52. Qa3 Ng7 53. Rb2 Qd6 54.
Qa8 Qd4 55. Rb8 Ne6 56. Nc2 Qe5 57. Rb5 Qf4 58. Qa4 Rd8 59. Rb1 Kg8 60. Rf1 Qe5
61. Bc4 Ng5 62. Bxf7+ Nxf7 63. Qc4 Rd7 64. Qc6 Qd6 65. Qxe4 Qd3 66. Qe8+ Kg7
67. Rf2 Qd1+ 68. Kh2 Qd6+ 69. Kh1 Re7 70. Qb8 Qe5 71. Qa8 Re8 72. Qf3 Nd6 73.
Qd3 Ne4 74. Rf3 Nc5 75. Qd4 Qxd4 76. Nxd4 Ne4 77. Kh2 c5 78. Nb5 Rc8 79. Re3
Nf6 80. Nd6 Rc7 81. Re6 Rd7 82. Nc4 Rd4 83. Ne5 Nd5 84. Rxg6+ Kh7 85. Rc6 Re4
86. Nf3 c4 87. Ng5+ 1-0

[Event "2BLS 1718 SV Griesheim - SC Heusenstamm"]
[Site "?"]
[Date "2018.02.04"]
[Round "8.1"]
[White "Khenkin, Igor"]
[Black "Tazbir, Marcin"]
[Result "1/2-1/2"]
[WhiteElo "2558"]
[BlackElo "2524"]
[PlyCount "65"]
[EventDate "2018.??.??"]

1. d4 Nf6 2. c4 e6 3. Nf3 c5 4. e3 cxd4 5. exd4 d5 6. Nc3 Be7 7. cxd5 Nxd5 8.
Bd3 Nc6 9. O-O O-O 10. Re1 Bf6 11. Be4 Nxc3 12. bxc3 Qa5 13. Qd3 h6 14. Bxc6
bxc6 15. Ne5 Qd8 16. Qg3 Bxe5 17. Rxe5 Qf6 18. Rc5 e5 19. Qxe5 Qxe5 20. dxe5
Bd7 21. Be3 Rfb8 22. a4 Rb7 23. h3 a6 24. Kh2 Kf8 25. g4 Rab8 26. Ra5 Ra8 27.
Bc5+ Ke8 28. Bb4 Be6 29. Rd1 Rd7 30. Bd6 Rb7 31. Bb4 Rd7 32. Bd6 Rb7 33. Bb4
1/2-1/2

[Event "2BLS 1718 SV Griesheim - SC Heusenstamm"]
[Site "?"]
[Date "2018.02.04"]
[Round "8.2"]
[White "Jarmula, Lukasz"]
[Black "Wieczorek, Oskar"]
[Result "1/2-1/2"]
[WhiteElo "2498"]
[BlackElo "2468"]
[PlyCount "140"]
[EventDate "2018.??.??"]

1. e4 c5 2. Nf3 d6 3. d4 cxd4 4. Nxd4 Nf6 5. Nc3 Nc6 6. Bg5 e6 7. f4 h6 8. Bh4
Be7 9. Qd3 O-O 10. O-O-O Nxd4 11. Qxd4 Qa5 12. Bc4 e5 13. fxe5 dxe5 14. Qd3 Qc5
15. Bxf6 Bxf6 16. Nd5 Bg5+ 17. Kb1 Bg4 18. Rdf1 Be6 19. h4 Bd8 20. Bb3 a5 21.
a4 Rb8 22. Qg3 Qd4 23. Nc3 Bxb3 24. cxb3 Bb6 25. Ka2 Qd2 26. Rd1 Qf2 27. Qxe5
Qxg2 28. Nd5 Rbe8 29. Qc3 Ba7 30. e5 Kh8 31. Qxa5 Bd4 32. Qd2 Qxd2 33. Rxd2
Bxe5 34. Nb6 Rd8 35. Rd7 Bd4 36. Rxb7 f5 37. a5 f4 38. b4 f3 39. b5 f2 40. Rf1
Rde8 41. Nd7 Re1 42. Rxf2 Rxf2 43. Rb8+ Kh7 44. Nf8+ Rxf8 45. Rxf8 Re5 46. Rb8
g5 47. hxg5 hxg5 48. a6 g4 49. a7 Bxa7 50. Rb7+ Kg6 51. Rxa7 Rxb5 52. Rc7 Kf5
53. Ka3 g3 54. b4 Kf4 55. Ka4 g2 56. Rc1 Rg5 57. Rg1 Kf3 58. b5 Kf2 59. Rb1
g1=Q 60. Rxg1 Rxg1 61. Kb4 Ke3 62. Kc5 Rg7 63. Kc6 Kd4 64. b6 Rg6+ 65. Kc7 Kc5
66. b7 Rg7+ 67. Kb8 Rg1 68. Kc7 Rg7+ 69. Kb8 Kb6 70. Ka8 Rxb7 1/2-1/2

[Event "2BLS 1718 SV Griesheim - SC Heusenstamm"]
[Site "?"]
[Date "2018.02.04"]
[Round "8.3"]
[White "Poetsch, Hagen"]
[Black "Walter, Stefan"]
[Result "1-0"]
[WhiteElo "2484"]
[BlackElo "2405"]
[PlyCount "61"]
[EventDate "2018.??.??"]

1. e4 e5 2. Nf3 Nc6 3. Bc4 Nf6 4. Ng5 d5 5. exd5 Na5 6. Bb5+ c6 7. dxc6 bxc6 8.
Bd3 Ng4 9. Nh3 f5 10. Be2 Bc5 11. Nc3 O-O 12. O-O Nb7 13. d3 Nf6 14. Kh1 Qc7
15. f4 e4 16. dxe4 fxe4 17. f5 h6 18. Qe1 Nd6 19. Na4 Bd4 20. Bf4 Qe7 21. Rd1
Be5 22. Qa5 Bxf4 23. Nxf4 Bxf5 24. Qc5 Nfe8 25. Bh5 Qb7 26. Bxe8 Nxe8 27. Ne6
Rf6 28. Rxf5 Rxe6 29. Qc4 Qe7 30. Nc5 Nc7 31. Rd7 1-0

[Event "2BLS 1718 SV Griesheim - SC Heusenstamm"]
[Site "?"]
[Date "2018.02.04"]
[Round "8.4"]
[White "Baskin, Robert"]
[Black "Polak, Tomas"]
[Result "1/2-1/2"]
[WhiteElo "2329"]
[BlackElo "2503"]
[PlyCount "79"]
[EventDate "2018.??.??"]

1. Nf3 Nf6 2. c4 b6 3. g3 Bb7 4. Bg2 c5 5. O-O e6 6. Nc3 Be7 7. d4 cxd4 8. Qxd4
a6 9. b3 O-O 10. Bb2 d6 11. Rfd1 Nbd7 12. Ng5 Bxg2 13. Kxg2 Qc7 14. Nge4 Rfd8
15. Rac1 Qb7 16. Kg1 Nc5 17. Nxc5 bxc5 18. Qd3 h6 19. Na4 Rac8 20. Bxf6 Bxf6
21. Nc3 Rc7 22. Rc2 Qb4 23. Ne4 Be7 24. Rcd2 Rcd7 25. Qc3 Qa3 26. Qc1 Qxc1 27.
Rxc1 f5 28. Nc3 Bf6 29. h4 g6 30. Rd3 Kf7 31. Kg2 Rc7 32. Rcd1 Rc6 33. Kf3 Ke7
34. Rh1 Rf8 35. e3 Be5 36. Ke2 g5 37. hxg5 hxg5 38. g4 Bxc3 39. Rxc3 fxg4 40.
Rg1 1/2-1/2

[Event "2BLS 1718 SV Griesheim - SC Heusenstamm"]
[Site "?"]
[Date "2018.02.04"]
[Round "8.5"]
[White "Klekowski, Maciej"]
[Black "Spitzl, Vinzent"]
[Result "1/2-1/2"]
[WhiteElo "2495"]
[BlackElo "2248"]
[PlyCount "88"]
[EventDate "2018.??.??"]

1. c4 e6 2. d4 d5 3. Nc3 Bb4 4. e3 Nf6 5. a3 Bxc3+ 6. bxc3 c6 7. Bd3 e5 8. dxe5
dxc4 9. Bxc4 Qxd1+ 10. Kxd1 Ng4 11. Ke1 Nxe5 12. Be2 Bf5 13. f3 Nd3+ 14. Bxd3
Bxd3 15. Nh3 O-O 16. Nf4 Bc4 17. Kf2 Nd7 18. a4 Rfd8 19. e4 f6 20. h4 Ne5 21.
Be3 Nd3+ 22. Nxd3 Rxd3 23. a5 Rxc3 24. Rhc1 Rxc1 25. Rxc1 Ba6 26. Rd1 Rc8 27.
Bc5 b6 28. axb6 axb6 29. Bxb6 c5 30. Ba5 c4 31. Bc3 Rc7 32. g4 h6 33. Rd5 Kf7
34. Ba5 Rb7 35. Rc5 Rb5 36. Rc7+ Kg8 37. Bc3 Rb3 38. Bd4 Rd3 39. Be3 Rb3 40.
Rc6 Bb5 41. Rc8+ Kf7 42. Rc7+ Kg8 43. Rc8+ Kf7 44. Rc7+ Kg8 1/2-1/2

[Event "2BLS 1718 SV Griesheim - SC Heusenstamm"]
[Site "?"]
[Date "2018.02.04"]
[Round "8.6"]
[White "Nothnagel, Marian Can"]
[Black "Weichhold, Pawel"]
[Result "1/2-1/2"]
[WhiteElo "2308"]
[BlackElo "2419"]
[PlyCount "56"]
[EventDate "2018.??.??"]

1. Nf3 c5 2. g3 g6 3. Bg2 Bg7 4. O-O Nf6 5. d3 O-O 6. e4 Nc6 7. Nbd2 d5 8. Re1
dxe4 9. dxe4 h6 10. c3 Be6 11. Qe2 Qc8 12. Nc4 Rd8 13. Bf4 g5 14. Bc1 b6 15.
Nfe5 Nxe5 16. Nxe5 Ng4 17. Nxg4 Bxg4 18. f3 Bh3 19. Be3 Bxg2 20. Kxg2 Qc6 21.
Red1 g4 22. Rxd8+ Rxd8 23. Rd1 gxf3+ 24. Kxf3 Rf8 25. Qc4 e6 26. a4 Kh7 27. Qb5
Qa8 28. Qd7 f5 1/2-1/2

[Event "2BLS 1718 SV Griesheim - SC Heusenstamm"]
[Site "?"]
[Date "2018.02.04"]
[Round "8.7"]
[White "Barski, Radoslaw"]
[Black "Nothnagel, Holger"]
[Result "1-0"]
[WhiteElo "2429"]
[BlackElo "2310"]
[PlyCount "55"]
[EventDate "2018.??.??"]

1. e4 e6 2. d4 d5 3. Nd2 c5 4. Ngf3 cxd4 5. exd5 Qxd5 6. Bc4 Qd6 7. O-O Nf6 8.
Nb3 Nc6 9. Nbxd4 Nxd4 10. Nxd4 a6 11. c3 Qc7 12. Bb3 Bd6 13. h3 O-O 14. Bg5 b5
15. a4 Ne4 16. Bh4 bxa4 17. Bxa4 Bb7 18. Bc2 Be7 19. Bxe7 Qxe7 20. Qe2 Nd6 21.
Ra5 g6 22. Bd3 Qc7 23. Rfa1 Rfb8 24. Qe5 Qb6 25. c4 Qxb2 26. R5a2 Qc3 27. Ra3
Qd2 28. Qxd6 1-0

[Event "2BLS 1718 SV Griesheim - SC Heusenstamm"]
[Site "?"]
[Date "2018.02.04"]
[Round "8.8"]
[White "de Visser, Leon"]
[Black "Klundt, Klaus"]
[Result "1/2-1/2"]
[WhiteElo "2237"]
[BlackElo "2319"]
[PlyCount "38"]
[EventDate "2018.??.??"]

1. c4 e6 2. g3 Nf6 3. Bg2 d5 4. Nf3 Be7 5. O-O O-O 6. b3 c5 7. cxd5 Nxd5 8. Bb2
Nc6 9. Nc3 b6 10. d4 Nxc3 11. Bxc3 Bb7 12. Rc1 Rc8 13. Qd2 cxd4 14. Nxd4 Nxd4
15. Qxd4 Qxd4 16. Bxd4 Bxg2 17. Kxg2 Ba3 18. Rxc8 Rxc8 19. Rd1 Rd8 1/2-1/2

[Event "2BLS 1718 SC Eppingen - OSG Baden Baden"]
[Site "?"]
[Date "2018.02.04"]
[Round "8.1"]
[White "Gozzoli, Yannick"]
[Black "Noe, Christopher"]
[Result "1-0"]
[WhiteElo "2564"]
[BlackElo "2487"]
[PlyCount "57"]
[EventDate "2018.??.??"]

1. e4 e5 2. Nf3 Nc6 3. Bb5 a6 4. Ba4 Nf6 5. O-O Nxe4 6. d4 b5 7. Bb3 d5 8. dxe5
Be6 9. Be3 Bc5 10. Qe2 O-O 11. Nc3 Nxc3 12. bxc3 Bxe3 13. Qxe3 Qe7 14. Rfd1
Rfd8 15. a4 b4 16. cxb4 Nxb4 17. c3 Nc6 18. Bc2 Na5 19. Ng5 g6 20. Rd4 c5 21.
Rh4 d4 22. Qg3 d3 23. Bd1 Nb3 24. Nxh7 Nxa1 25. Nf6+ Kg7 26. Rh7+ Kf8 27. Qg5
Qa7 28. Bf3 Ke7 29. Bc6 1-0

[Event "2BLS 1718 SC Eppingen - OSG Baden Baden"]
[Site "?"]
[Date "2018.02.04"]
[Round "8.2"]
[White "Mesaros, Florian"]
[Black "Bellahcene, Bilel"]
[Result "0-1"]
[WhiteElo "2425"]
[BlackElo "2503"]
[PlyCount "74"]
[EventDate "2018.??.??"]

1. Nf3 c5 2. c4 Nc6 3. Nc3 Nf6 4. d4 cxd4 5. Nxd4 e6 6. g3 Qb6 7. Nb3 Ne5 8. e4
Bb4 9. Qe2 d6 10. f4 Nc6 11. Be3 Bxc3+ 12. bxc3 Qc7 13. Bg2 O-O 14. c5 dxc5 15.
Bxc5 Rd8 16. e5 Ne8 17. Qf3 Na5 18. Bd4 Nc6 19. Bf2 f6 20. exf6 Nxf6 21. Nd4 e5
22. Nxc6 e4 23. Qe2 Qxc6 24. Qb2 Qa6 25. Bd4 Be6 26. h3 Qd3 27. g4 Rxd4 28.
cxd4 Bc4 29. Kf2 e3+ 30. Kg3 e2+ 31. Kh2 Ne4 32. Qc1 Qg3+ 33. Kg1 Qf2+ 34. Kh2
Bd5 35. Qa3 Nd2 36. Rhg1 Nf3+ 37. Kh1 Qg3 0-1

[Event "2BLS 1718 SC Eppingen - OSG Baden Baden"]
[Site "?"]
[Date "2018.02.04"]
[Round "8.4"]
[White "Guliyev, Namig"]
[Black "Burri, Quentin"]
[Result "1-0"]
[WhiteElo "2538"]
[BlackElo "2407"]
[PlyCount "91"]
[EventDate "2018.??.??"]

1. e4 c5 2. Nf3 d6 3. d4 cxd4 4. Nxd4 Nf6 5. Nc3 a6 6. Be3 e5 7. Nf3 Qc7 8. a4
Be7 9. Be2 O-O 10. O-O Nbd7 11. a5 b5 12. axb6 Nxb6 13. Qd3 a5 14. Qb5 Nbd7 15.
Nd2 Bb7 16. Rfd1 Bc6 17. Qd3 Rfd8 18. b3 Nc5 19. Bxc5 dxc5 20. Qf3 Rd4 21. Bd3
a4 22. bxa4 Qa5 23. Bf1 Rad8 24. Nb3 Qa8 25. Nxd4 exd4 26. Nd5 Nxd5 27. exd5
Bxd5 28. Qe2 Bf6 29. Qa6 Bxg2 30. Qxa8 Bxa8 31. Bg2 Bxg2 32. Kxg2 d3 33. Ra3 c4
34. cxd3 Bb2 35. Ra2 c3 36. Re1 g6 37. a5 Rxd3 38. a6 Rd8 39. a7 Ra8 40. Kf3
Kg7 41. Re2 Kf6 42. Ke4 Re8+ 43. Kd3 Rxe2 44. a8=Q Rd2+ 45. Ke3 c2 46. Qh8+ 1-0

[Event "2BLS 1718 SC Eppingen - OSG Baden Baden"]
[Site "?"]
[Date "2018.02.04"]
[Round "8.5"]
[White "Schmaltz, Roland"]
[Black "Hacker, Jonas"]
[Result "1/2-1/2"]
[WhiteElo "2477"]
[BlackElo "2338"]
[PlyCount "33"]
[EventDate "2018.??.??"]

1. e4 e5 2. Nf3 Nc6 3. Bb5 a6 4. Ba4 Nf6 5. d3 d6 6. c3 g6 7. O-O Bg7 8. d4 O-O
9. Re1 b5 10. Bb3 exd4 11. cxd4 Bg4 12. Nc3 Bxf3 13. gxf3 Na5 14. Bc2 Nh5 15.
Ne2 Qf6 16. Kg2 c5 17. d5 1/2-1/2

[Event "2BLS 1718 SC Eppingen - OSG Baden Baden"]
[Site "?"]
[Date "2018.02.04"]
[Round "8.6"]
[White "Mann, Christian"]
[Black "Drabke, Lorenz Maximilian"]
[Result "1/2-1/2"]
[WhiteElo "2404"]
[BlackElo "2427"]
[PlyCount "31"]
[EventDate "2018.??.??"]

1. g3 d5 2. Bg2 c6 3. d3 e5 4. Nf3 Bd6 5. Nbd2 Nf6 6. e4 O-O 7. O-O Qc7 8. b3
Be6 9. Bb2 Nbd7 10. Qe2 a5 11. a3 Rfe8 12. Ng5 Bg4 13. Bf3 Bxf3 14. Ngxf3 b5
15. Nh4 a4 16. Nf5 1/2-1/2

[Event "2BLS 1718 SC Eppingen - OSG Baden Baden"]
[Site "?"]
[Date "2018.02.04"]
[Round "8.7"]
[White "Mutschnik, Illya"]
[Black "Bilchinski, Anton"]
[Result "1/2-1/2"]
[WhiteElo "2429"]
[BlackElo "2276"]
[PlyCount "61"]
[EventDate "2018.??.??"]

1. e4 e5 2. Nf3 Nf6 3. d4 Nxe4 4. Bd3 d5 5. Nxe5 Nd7 6. Nxd7 Bxd7 7. O-O Bd6 8.
Nc3 Nxc3 9. bxc3 O-O 10. Qh5 f5 11. Rb1 Rb8 12. Re1 Qf6 13. Qf3 c6 14. Bf4 b5
15. Qg3 Bxf4 16. Qxf4 Rbc8 17. Re5 a5 18. Rbe1 g6 19. h4 h5 20. Kh2 a4 21. Kg3
Rce8 22. f3 Kg7 23. Kf2 Kg8 24. g3 Kh7 25. R1e3 Kg7 26. Ke2 Rc8 27. Kd2 Rf7 28.
Re1 Rcf8 29. R5e3 Rc8 30. Re5 Rcf8 31. R5e3 1/2-1/2

[Event "2BLS 1718 SC Eppingen - OSG Baden Baden"]
[Site "?"]
[Date "2018.02.04"]
[Round "8.8"]
[White "Gibicar, Danijel"]
[Black "Kachiani-Gersinska, Ketino"]
[Result "1/2-1/2"]
[WhiteElo "2258"]
[BlackElo "2337"]
[PlyCount "62"]
[EventDate "2018.??.??"]

1. e4 e5 2. Nf3 Nc6 3. Bb5 a6 4. Ba4 Nf6 5. d3 d6 6. c3 Be7 7. O-O Bg4 8. Re1
Nd7 9. Nbd2 Nc5 10. Bc2 Ne6 11. h3 Bh5 12. Nf1 Ng5 13. Bxg5 Bxg5 14. Ng3 Bxf3
15. Qxf3 g6 16. Rad1 O-O 17. d4 Qf6 18. Qxf6 Bxf6 19. Ne2 Rfd8 20. g3 exd4 21.
cxd4 Nb4 22. Bb3 c5 23. f4 cxd4 24. Nxd4 Nc6 25. Nxc6 bxc6 26. Re2 Rab8 27.
Red2 c5 28. e5 dxe5 29. Rxd8+ Rxd8 30. Rxd8+ Bxd8 31. fxe5 Be7 1/2-1/2

[Event "2BLS 1718 SC Untergrombach - SC Emmendi"]
[Site "?"]
[Date "2018.02.04"]
[Round "8.1"]
[White "Sethuraman, S.P."]
[Black "Brunner, Nicolas"]
[Result "1-0"]
[WhiteElo "2646"]
[BlackElo "2445"]
[PlyCount "83"]
[EventDate "2018.??.??"]

1. e4 c5 2. Nf3 d6 3. d4 cxd4 4. Nxd4 Nf6 5. Nc3 a6 6. Be3 e5 7. Nb3 Be6 8. f3
h5 9. Nd5 Bxd5 10. exd5 Nbd7 11. Qd2 g6 12. Be2 Bg7 13. O-O b6 14. c4 O-O 15.
Rad1 Re8 16. Kh1 Nh7 17. Na1 f5 18. Nc2 a5 19. Na3 Nc5 20. Nb5 Bf6 21. Qc2 Kg7
22. b3 Ng5 23. a3 Nf7 24. b4 Nd7 25. g3 h4 26. g4 f4 27. Bd2 axb4 28. axb4 Nf8
29. Ra1 Qe7 30. Rae1 Rec8 31. Bd3 Qd7 32. Bc3 Ng5 33. Qf2 Qd8 34. Ra1 h3 35.
Na7 Rc7 36. Nc6 Qc8 37. Qxb6 Rxa1 38. Bxa1 Nd7 39. Qf2 Qa8 40. Qe2 Qa4 41. Bb2
Qb3 42. Rb1 1-0

[Event "2BLS 1718 SC Untergrombach - SC Emmendi"]
[Site "?"]
[Date "2018.02.04"]
[Round "8.2"]
[White "Velten, Paul"]
[Black "Rausis, Igors"]
[Result "1/2-1/2"]
[WhiteElo "2478"]
[BlackElo "2639"]
[PlyCount "49"]
[EventDate "2018.??.??"]

1. d4 Nf6 2. Nf3 c5 3. e3 d5 4. dxc5 e6 5. c4 Bxc5 6. Nc3 O-O 7. a3 Nc6 8. cxd5
exd5 9. Be2 a6 10. O-O Bf5 11. b4 d4 12. exd4 Bxd4 13. Nxd4 Nxd4 14. Ra2 Nxe2+
15. Rxe2 Qc7 16. Nd5 Nxd5 17. Qxd5 Be6 18. Qe5 Qxe5 19. Rxe5 Rac8 20. Be3 Rfd8
21. Rc5 Rxc5 22. Bxc5 b5 23. Ra1 Rd2 24. h3 h6 25. a4 1/2-1/2

[Event "2BLS 1718 SC Untergrombach - SC Emmendi"]
[Site "?"]
[Date "2018.02.04"]
[Round "8.3"]
[White "Hera, Imre"]
[Black "Maier, Christian"]
[Result "1-0"]
[WhiteElo "2619"]
[BlackElo "2392"]
[PlyCount "221"]
[EventDate "2018.??.??"]

1. c4 e5 2. g3 Nc6 3. Bg2 h5 4. Nf3 Bc5 5. Nc3 d6 6. e3 Bg4 7. h3 Bf5 8. d4 Bb4
9. Bd2 Nf6 10. d5 Bxc3 11. Bxc3 Ne7 12. Nd2 a5 13. e4 Bd7 14. f4 h4 15. fxe5
dxe5 16. g4 Ng6 17. Qf3 Nh7 18. O-O-O Qe7 19. Qe3 Ng5 20. c5 O-O 21. Nc4 f6 22.
Kb1 a4 23. Bf1 Nf4 24. Be1 Be8 25. Ka1 Bg6 26. Nd2 Ra5 27. Rc1 a3 28. b4 Ra4
29. Qb3 Qe8 30. c6 Ra7 31. Bf2 Qb8 32. d6+ Bf7 33. Bc4 bxc6 34. Bxf7+ Rxf7 35.
Bxa7 Qxa7 36. dxc7 Qxc7 37. Qxa3 Rd7 38. Nb3 Nd3 39. Qa8+ Rd8 40. Qxc6 Qxc6 41.
Rxc6 Nxb4 42. Rc4 Nd3 43. a4 Nf2 44. Rhc1 Kh7 45. a5 Ngxh3 46. Rc8 Rd6 47. R1c6
Rd7 48. R8c7 Rd8 49. Rc8 Rd7 50. R8c7 Rd8 51. Rxf6 Nxg4 52. Rff7 Ng5 53. Rxg7+
Kh6 54. Rgd7 Rb8 55. Nd2 h3 56. Nf1 Rb4 57. Rc6+ Kh5 58. a6 Ra4+ 59. Kb2 h2 60.
Nxh2 Nxh2 61. a7 Nhf3 62. Rc8 Nxe4 63. a8=Q Rxa8 64. Rxa8 Kg4 65. Rg7+ Kf4 66.
Kc2 Nd4+ 67. Kd3 Nf2+ 68. Kc4 Nf5 69. Rf7 Ng4 70. Kd5 Nge3+ 71. Ke6 Ke4 72. Ra5
Nd4+ 73. Kf6 Nd5+ 74. Kg5 Ne6+ 75. Kg4 Nd4 76. Kg3 Ne3 77. Kf2 Ng4+ 78. Kg3 Ne3
79. Rf8 Nd5 80. Re8 Nf5+ 81. Kf2 Nd4 82. Ra1 Nc2 83. Rc1 Ndb4 84. Kg3 Ne3 85.
Ra1 Nbc2 86. Ra5 Nc4 87. Rc5 N2e3 88. Kf2 Ng4+ 89. Ke2 Nd6 90. Rg8 Nf6 91. Rg6
Kf5 92. Rh6 Nde4 93. Ra5 Kf4 94. Rh4+ Kg5 95. Rh3 Ng4 96. Rf3 Nef6 97. Rf1 Ne4
98. Kd3 Nef2+ 99. Ke2 Ne4 100. Rf8 Nef6 101. Kf3 Kf5 102. Ra1 Ke6 103. Rg1 e4+
104. Kf4 Ne5 105. Ra8 Nd3+ 106. Ke3 Ne5 107. Rg5 Nc4+ 108. Kd4 Nd6 109. Ra6 Ke7
110. Rg7+ Kf8 111. Rg6 1-0

[Event "2BLS 1718 SC Untergrombach - SC Emmendi"]
[Site "?"]
[Date "2018.02.04"]
[Round "8.4"]
[White "Fuchs, Heinz"]
[Black "Baklan, Vladimir"]
[Result "0-1"]
[WhiteElo "2252"]
[BlackElo "2599"]
[PlyCount "44"]
[EventDate "2018.??.??"]

1. d4 e6 2. c4 Bb4+ 3. Bd2 a5 4. Nf3 Nf6 5. Qc2 d6 6. Nc3 Nbd7 7. a3 Bxc3 8.
Bxc3 O-O 9. e3 b6 10. Be2 Bb7 11. O-O Ne4 12. b4 f5 13. Bb2 Rf6 14. d5 Rh6 15.
dxe6 Nf8 16. c5 bxc5 17. bxc5 Nxc5 18. Qxf5 Nfxe6 19. g3 Qe7 20. Nd4 Rf8 21.
Qg4 Rg6 22. Qh5 Ng5 0-1

[Event "2BLS 1718 SC Untergrombach - SC Emmendi"]
[Site "?"]
[Date "2018.02.04"]
[Round "8.5"]
[White "Shevchenko, Kirill"]
[Black "Sieglen, Joachim"]
[Result "1-0"]
[WhiteElo "2538"]
[BlackElo "2201"]
[PlyCount "97"]
[EventDate "2018.??.??"]

1. d4 d5 2. c4 c6 3. g3 Nf6 4. Bg2 Bf5 5. Nf3 e6 6. Nc3 Nbd7 7. Qb3 Qb6 8. c5
Qc7 9. Nh4 Bg4 10. f3 Bh5 11. Bf4 Qc8 12. g4 Bg6 13. Qd1 Be7 14. Nxg6 hxg6 15.
e4 Nh7 16. O-O g5 17. Bg3 Nhf8 18. Bd6 Bxd6 19. cxd6 Qb8 20. e5 Ng6 21. Qc2
Ngxe5 22. dxe5 Nxe5 23. Qd2 f6 24. Rae1 Qxd6 25. Ne4 Qc7 26. Nc5 Qe7 27. Nd3
Nxd3 28. Qxd3 e5 29. Rb1 O-O-O 30. b4 Kb8 31. Rfc1 Qd6 32. h3 Rhe8 33. Qe3 Re7
34. Rb3 Rc8 35. Rc5 Rec7 36. Bf1 Re7 37. Rd3 Rce8 38. Bg2 Rc8 39. Rd1 Rd8 40.
Qc1 Rc7 41. a3 Qe7 42. Rd2 Rdc8 43. Bf1 Qd6 44. Kg2 b6 45. Rcc2 c5 46. Ba6 Rd8
47. bxc5 bxc5 48. Rb2+ Ka8 49. Bc4 1-0

[Event "2BLS 1718 SC Untergrombach - SC Emmendi"]
[Site "?"]
[Date "2018.02.04"]
[Round "8.6"]
[White "Schneider, Bernd"]
[Black "Sokolov, Andrei"]
[Result "0-1"]
[WhiteElo "2256"]
[BlackElo "2490"]
[PlyCount "63"]
[EventDate "2018.??.??"]

1. e4 c5 2. Nf3 e6 3. d4 cxd4 4. Nxd4 Nf6 5. Bd3 Nc6 6. Nxc6 bxc6 7. O-O d5 8.
Nc3 Be7 9. b3 O-O 10. Bb2 e5 11. Qe2 d4 12. Na4 g6 13. c3 c5 14. cxd4 cxd4 15.
Rac1 Nh5 16. g3 Bh3 17. Rfd1 Qa5 18. Bb5 Rac8 19. Rxc8 Rxc8 20. Rc1 Nf6 21. f3
h5 22. Rxc8+ Bxc8 23. Kf2 Nh7 24. h4 g5 25. hxg5 Nxg5 26. Bc1 Nxf3 27. Qxf3
Qxb5 28. Qxh5 Qc6 29. Qxe5 Qc2+ 30. Kf3 Qd3+ 31. Kf2 Qc2+ 32. Kf3 0-1

[Event "2BLS 1718 SC Untergrombach - SC Emmendi"]
[Site "?"]
[Date "2018.02.04"]
[Round "8.7"]
[White "Lodici, Lorenzo"]
[Black "Cofman, Veaceslav"]
[Result "1-0"]
[WhiteElo "2427"]
[BlackElo "2218"]
[PlyCount "120"]
[EventDate "2018.??.??"]

1. d4 d5 2. c4 Nc6 3. Nc3 Nf6 4. cxd5 Nxd5 5. Nf3 g6 6. e4 Nxc3 7. bxc3 Bg7 8.
Be2 O-O 9. O-O e5 10. d5 Nb8 11. Ba3 Re8 12. Qc2 Bg4 13. c4 b6 14. c5 Bxf3 15.
Bxf3 Nd7 16. c6 Nc5 17. Bxc5 bxc5 18. Rab1 Bf8 19. Bg4 Qg5 20. Bd7 Red8 21. Rb7
Bd6 22. Qc3 a5 23. Kh1 a4 24. g3 Qh5 25. Qd3 a3 26. Qc4 Qg5 27. Rd1 Qh5 28. Rd2
Qg5 29. Rd3 Qf6 30. Kg2 Ra5 31. Bg4 Qe7 32. Bd1 Rda8 33. Qc1 Kg7 34. Rc3 h6 35.
h4 h5 36. Rbb3 c4 37. Rxc4 Qd8 38. f4 Qf6 39. Rf3 exf4 40. gxf4 Qb2+ 41. Rf2
Qxc1 42. Rxc1 Bc5 43. Re2 Be7 44. Bb3 Bxh4 45. e5 Be7 46. Rd2 Bf8 47. d6 Rc8
48. dxc7 Rxc7 49. Rd7 Raa7 50. Rxf7+ Rxf7 51. Bxf7 Rc7 52. Be8 Be7 53. Kf3 Kh6
54. Ke4 h4 55. Kd5 Bd8 56. Kd6 Kg7 57. Rg1 Kf8 58. Bxg6 Ra7 59. Be4 Bc7+ 60.
Ke6 Bb6 1-0

[Event "2BLS 1718 SC Untergrombach - SC Emmendi"]
[Site "?"]
[Date "2018.02.04"]
[Round "8.8"]
[White "Doll, Stefan"]
[Black "Bettalli, Francesco"]
[Result "1-0"]
[WhiteElo "2131"]
[BlackElo "2225"]
[PlyCount "91"]
[EventDate "2018.??.??"]

1. e4 c5 2. c3 Nf6 3. e5 Nd5 4. Bc4 Nb6 5. Bb3 c4 6. Bc2 Nc6 7. Nf3 Qc7 8. O-O
Nxe5 9. Nxe5 Qxe5 10. Re1 Qc7 11. d4 d5 12. a4 Bd7 13. a5 Nc8 14. Qf3 Bc6 15.
Bf4 Qd7 16. Nd2 e6 17. Qg3 Ne7 18. Nf3 Ng8 19. Ne5 Qc8 20. a6 b6 21. b3 cxb3
22. Bxb3 Nf6 23. Qd3 Bd6 24. c4 dxc4 25. Bxc4 O-O 26. Bg5 Nd5 27. Rac1 Bxe5 28.
dxe5 Qd7 29. Qg3 Kh8 30. Rcd1 Rac8 31. Qh3 f6 32. exf6 gxf6 33. Bh6 Rfe8 34.
Re4 Qf7 35. Rg4 e5 36. Bg7+ Qxg7 37. Rxg7 Kxg7 38. Bd3 Rh8 39. Qe6 Rhe8 40. Qf5
Rh8 41. Rc1 Ne7 42. Qg4+ Kf7 43. Bc4+ Ke8 44. Qe6 Rf8 45. Bb5 Bxb5 46. Rxc8#
1-0

[Event "2BLS 1718 FB Mörlenbach-Birkenau - SC E"]
[Site "?"]
[Date "2018.02.24"]
[Round "9.1"]
[White "Rausis, Igors"]
[Black "Kunin, Vitaly"]
[Result "1/2-1/2"]
[WhiteElo "2639"]
[BlackElo "2574"]
[PlyCount "51"]
[EventDate "2018.??.??"]

1. d4 d5 2. c4 dxc4 3. Nf3 Nf6 4. e3 Bg4 5. h3 Bh5 6. Nbd2 e6 7. Nxc4 Bb4+ 8.
Bd2 Bxd2+ 9. Ncxd2 Nbd7 10. Be2 O-O 11. O-O c5 12. Nc4 Qe7 13. dxc5 Nxc5 14.
Qd6 Qxd6 15. Nxd6 Rfd8 16. Rfd1 Nd5 17. Rac1 b6 18. Nb5 f6 19. Bc4 Bxf3 20.
gxf3 Kf7 21. Bxd5 Rxd5 22. Rxd5 exd5 23. Rd1 Rd8 24. b4 Na4 25. Rd3 Nb2 26. Rc3
{(=)} 1/2-1/2

[Event "2BLS 1718 FB Mörlenbach-Birkenau - SC E"]
[Site "?"]
[Date "2018.02.24"]
[Round "9.2"]
[White "Galdunts, Sergey"]
[Black "Hera, Imre"]
[Result "1/2-1/2"]
[WhiteElo "2421"]
[BlackElo "2619"]
[PlyCount "70"]
[EventDate "2018.??.??"]

1. e4 c5 2. Nf3 e6 3. Nc3 a6 4. d4 cxd4 5. Nxd4 Qc7 6. g3 Bb4 7. Bd2 Nf6 8. Bg2
Nc6 9. Nxc6 dxc6 10. O-O a5 11. a3 Be7 12. Be3 b5 13. e5 Nd5 14. Bd4 Nxc3 15.
Bxc3 Bb7 16. Qd2 O-O 17. Rfd1 Rfd8 18. Qe1 Rdb8 19. a4 b4 20. Bd2 c5 21. c4 Rd8
22. Bxb7 Qxb7 23. Qe2 Rd4 24. f3 Qd7 25. Be3 Rxd1+ 26. Qxd1 Qc6 27. Kf2 f6 28.
Qc2 fxe5 29. Qe4 Qxe4 30. fxe4 Rd8 31. Ke2 Kf7 32. Rd1 Rxd1 33. Kxd1 h5 34. b3
g5 35. h3 Kg6 1/2-1/2

[Event "2BLS 1718 FB Mörlenbach-Birkenau - SC E"]
[Site "?"]
[Date "2018.02.24"]
[Round "9.3"]
[White "Baklan, Vladimir"]
[Black "Legde, Georg"]
[Result "1-0"]
[WhiteElo "2599"]
[BlackElo "2322"]
[PlyCount "91"]
[EventDate "2018.??.??"]

1. e4 c5 2. Nf3 Nc6 3. Bb5 d6 4. O-O Bd7 5. Re1 Nf6 6. c3 a6 7. Bc4 Bg4 8. d4
cxd4 9. cxd4 Rc8 10. Be3 e6 11. d5 exd5 12. Bxd5 Nxd5 13. exd5 Ne5 14. Bd4 Bxf3
15. Qxf3 Be7 16. Qb3 O-O 17. Nc3 Qc7 18. Rad1 Rfe8 19. f4 Nd7 20. Ne4 Bf8 21.
Qh3 Re7 22. Ng3 Rce8 23. Rf1 Re3 24. Rc1 Qd8 25. Bxe3 Rxe3 26. Qf5 g6 27. Qc2
Nc5 28. Rce1 Qe7 29. Qd2 Rxe1 30. Rxe1 Qd8 31. Ne4 Nxe4 32. Rxe4 Bg7 33. b3
Qb6+ 34. Kf1 Bf6 35. g3 Kg7 36. Kg2 h5 37. h3 Qc5 38. Rc4 Qb5 39. g4 hxg4 40.
hxg4 Qd7 41. Kf3 Bd8 42. Rc1 Bf6 43. Kg3 g5 44. fxg5 Be5+ 45. Kf3 Qe7 46. Rh1
1-0